| 000 | 00473nam a2200145 4500 | ||
|---|---|---|---|
| 008 | 151208b xxu||||| |||| 00| 0 eng d | ||
| 020 | _a0739416073 | ||
| 050 | _aPS 648 .E7T39 2001 | ||
| 100 |
_aTaylor, Carol _d2001 |
||
| 245 |
_aBrown Sugar: _ba collection Erotic Black Fiction _cCarol Taylor |
||
| 260 |
_aNew York: _bA Plume Book, _c2001. |
||
| 300 |
_axxiv, 228p.: _b27cm |
||
| 650 | _aAfrican - Americans | ||
| 942 |
_2lcc _cBOOKS _hPS 648 .E7T39 2001 |
||
| 999 |
_c10658 _d10658 |
||